<?xml version="1.0" encoding="UTF-8"?>
<marc:record xmlns:marc="http://www.loc.gov/MARC21/slim">
   <marc:leader>00000nam a2200000 a 4500</marc:leader>
   <marc:datafield ind1="1" ind2=" " tag="100">
      <marc:subfield code="a">Lederhilger, Severin J.</marc:subfield>
   </marc:datafield>
   <marc:datafield ind1="1" ind2=" " tag="100">
      <marc:subfield code="a">Putz, Erna</marc:subfield>
   </marc:datafield>
   <marc:datafield ind1=" " ind2=" " tag="653">
      <marc:subfield code="a">p||Jägerstätter</marc:subfield>
   </marc:datafield>
   <marc:datafield ind1=" " ind2=" " tag="653">
      <marc:subfield code="a">Franz</marc:subfield>
   </marc:datafield>
   <marc:datafield ind1="0" ind2="0" tag="245">
      <marc:subfield code="a">Franz Jägerstätter - Christ und Märtyrer</marc:subfield>
   </marc:datafield>
   <marc:datafield ind1="0" ind2="0" tag="245">
      <marc:subfield code="b">mit handschriftlichen Originalzitaten aus seinen Briefen und Aufzeichnungen</marc:subfield>
   </marc:datafield>
   <marc:datafield ind1="0" ind2="0" tag="245">
      <marc:subfield code="c">[AutorInnen: Erna Putz, ...]. Hrsg. vom Bischöflichen Ordinariat der Diözese Linz [Severin Lederhilger]</marc:subfield>
   </marc:datafield>
   <marc:datafield ind1=" " ind2="1" tag="264">
      <marc:subfield code="a">Linz</marc:subfield>
      <marc:subfield code="b">Bischöfliches Ordinariat der Diözese Linz</marc:subfield>
      <marc:subfield code="c">2007</marc:subfield>
   </marc:datafield>
   <marc:datafield ind1="1" ind2=" " tag="520">
      <marc:subfield code="a">Die Broschüre enthält eine Lebensbeschreibung Jägerstätters, dokumentiert seine zögerliche Anerkennung nach 1945 und spätere herausragende Würdigung, und stellt seine besondere Bedeutung für den Glauben und für die heutige Gesellschaft dar. Fachkundige AutorInnen erläutern Jägerstätters Botschaft, für die er sein Leben hingegeben hat, sein Leben und Sterben in ihrer Bedeutung für den christlichen Glauben in der Welt von heute.</marc:subfield>
   </marc:datafield>
   <marc:datafield ind1=" " ind2=" " tag="020">
      <marc:subfield code="a">9783950168242</marc:subfield>
      <marc:subfield code="9">9783950168242</marc:subfield>
   </marc:datafield>
   <marc:datafield ind1=" " ind2=" " tag="041">
      <marc:subfield code="a">ger</marc:subfield>
   </marc:datafield>
   <marc:datafield ind1=" " ind2=" " tag="500">
      <marc:subfield code="a">Literaturverz. S. 38</marc:subfield>
   </marc:datafield>
   <marc:datafield ind1=" " ind2=" " tag="542">
      <marc:subfield code="d">Diözese &lt;Linz&gt;</marc:subfield>
   </marc:datafield>
   <marc:datafield ind1=" " ind2=" " tag="300">
      <marc:subfield code="a">39 S. : zahlr. Ill.; 20 cm</marc:subfield>
   </marc:datafield>
</marc:record>
